000 00396nam a2200109Ia 4500
008 160909s9999 xx 000 0 und d
100 _aArunachalam, Balakumar.
245 _aPerformance and analysis of different equalization schemes used in communications
260 _bCalifornia State University
_c2016
650 _aMASS COM
856 _uhttp://pqdtopen.proquest.com/doc/1760125530.html?FMT=ABS
999 _c304168
_d304168